[Event "Kuban Spring"]
[Site "Krasnodar RUS"]
[Date "2002.04.??"]
[Round "?"]
[White "Bagirov,R"]
[Black "Panarin,M"]
[Result "1-0"]
[WhiteElo "2516"]
[BlackElo "2426"]

1.d4 d5 2.c4 c6 3.Nf3 Nf6 4.Nc3 a6 5.c5 g6 6.h3 Bg7 7.Bf4 O-O 8.e3 Nbd7 9.Be2 b6
10.cxb6 Qxb6 11.Qc2 a5 12.O-O Ba6 13.Na4 Qb7 14.Bxa6 Qxa6 15.Rac1 Rfc8 16.Ne5 Nxe5
17.Bxe5 Nd7 18.Bxg7 Kxg7 19.Rfd1 Rc7 20.Rd3 Rac8 21.Rc3 Qb5 22.Nc5 Nxc5 23.Rxc5 Qb4
24.b3 Qa3 25.Qd2 Ra8 26.Rxd5 cxd5 27.Rxc7 a4 28.Qc2 axb3 29.Qxb3 Qa5 30.Rxe7 Qe1+
31.Kh2 Qxf2 32.a4 Rd8 33.Qb7 h5 34.Qc7 Ra8 35.Qe5+ Kh6 36.Qxd5 h4 37.Qxf7  1-0

[Event "Capablanca Mem Premier I"]
[Site "Havana CUB"]
[Date "2002.05.08"]
[Round "3"]
[White "Gretarsson,H"]
[Black "Perez,Rod"]
[Result "1/2-1/2"]
[WhiteElo "2521"]
[BlackElo "2425"]

1.d4 d5 2.c4 c6 3.Nc3 Nf6 4.Nf3 a6 5.c5 Nbd7 6.Bf4 Nh5 7.Bd2 Nhf6 8.h3 Ne4
9.Bf4 Nxc3 10.bxc3 g6 11.e3 Qa5 12.Qb3 Bg7 13.Rc1 O-O 14.Be2 e5 15.Bh2 exd4
16.exd4 Re8 17.Bf4 b6 18.cxb6 Nxb6 19.Ne5 Bxe5 20.Bxe5 Nc4 21.Bxc4 dxc4 22.Qxc4 Qb5
23.Qxb5 axb5 24.O-O Be6  1/2-1/2

[Event "Mitropa Cup"]
[Site "Leipzig GER"]
[Date "2002.05.10"]
[Round "8"]
[White "Moor,O"]
[Black "Jirka,J"]
[Result "1-0"]
[WhiteElo "2346"]
[BlackElo "2398"]

1.d4 d5 2.c4 c6 3.Nf3 Nf6 4.Nc3 a6 5.c5 g6 6.Bf4 Nh5 7.Bd2 Bg7 8.h3 Nd7 9.e4 e5
10.dxe5 Nxe5 11.exd5 cxd5 12.Be2 Nc6 13.O-O O-O 14.Bg5 Nf6 15.Qa4 h6 16.Bf4 Be6
17.Rad1 Re8 18.Rd2 b5 19.cxb6 Qxb6 20.Be3 Qb7 21.Bd3 Nd7 22.Nd4 Nce5 23.Nxe6 Rxe6
24.Be2 Nb6 25.Qb3 Nec4 26.Bxc4 dxc4 27.Qb4 a5 28.Qb5 Qc6 29.Rfd1 Kh7 30.Rd8 Rxd8
31.Rxd8 Bxc3 32.Qxc6 Rxc6 33.bxc3 Rc8 34.Bxb6 Rxd8 35.Bxd8 g5 36.Bxa5 Kg6
37.Bb6  1-0

[Event "Open"]
[Site "Pula CRO"]
[Date "2002.05.13"]
[Round "3"]
[White "Pataki,G"]
[Black "Stefanova,A"]
[Result "0-1"]
[WhiteElo "2337"]
[BlackElo "2473"]

1.d4 d5 2.c4 c6 3.Nc3 Nf6 4.Nf3 a6 5.c5 Nbd7 6.Bf4 Nh5 7.e3 g6 8.Bd3 Bg7
9.O-O O-O 10.Bg5 Re8 11.e4 dxe4 12.Bxe4 Qc7 13.Re1 Nf8 14.d5 Nf6 15.Bxf6 Bxf6
16.Qc2 Nd7 17.Na4 Rb8 18.dxc6 bxc6 19.Rad1 a5 20.Nd2 Ba6 21.b3 Bb5 22.Bd3 Bxa4
23.bxa4 Rb2 24.Qc1 Rxa2 25.Ne4 Rxa4 26.Bc2 Rb4 27.Qd2 Bd4 28.Nd6 Rf8 29.Rxe7 Bxc5
30.Ne8 Qf4 31.Rxd7 Rxe8 32.g3 Qxd2 33.R1xd2 a4 34.Rd8 Kf8 35.Kg2 a3 36.Rd1 Rxd8
37.Rxd8+ Ke7 38.Rd2 Bd4 39.Bb3 Bxf2 40.Re2+ Kf8 41.Bxf7 Kxf7 42.Rxf2+ Ke6
43.Kh3 Ra4  0-1

[Event "4th Borowski C"]
[Site "Essen GER"]
[Date "2002.05.20"]
[Round "5"]
[White "Becker,Marce"]
[Black "Saltaev,M"]
[Result "0-1"]
[WhiteElo "2310"]
[BlackElo "2487"]

1.d4 d5 2.c4 c6 3.Nf3 Nf6 4.Nc3 a6 5.c5 Nbd7 6.Bf4 Nh5 7.e3 g6 8.Bd3 Bg7
9.O-O O-O 10.Bg5 f5 11.Qb3 Qe8 12.e4 fxe4 13.Nxe4 Rxf3 14.gxf3 Bxd4 15.Be3 Be5
16.Rfe1 Qf7 17.Ng3 Nf4 18.Bf1 Ne6 19.Rac1 Qxf3 20.Bh3 Ndf8 21.Bh6 Nd4 22.Bg2 Qxb3
23.axb3 Bf6 24.Rc3 e5 25.b4 Bg4 26.h3 Bd7 27.h4 Re8 28.Bg5 Bg7 29.h5 h6 30.Bd2 g5
31.f3 Nfe6 32.Bh3 Nxc5 33.Bxd7 Nxd7 34.Rd3 Rf8  0-1

[Event "Spring"]
[Site "Tel Aviv ISR"]
[Date "2002.05.21"]
[Round "2"]
[White "Rodshtein,M"]
[Black "Kreizberg,M"]
[Result "1/2-1/2"]
[WhiteElo "2177"]
[BlackElo "2334"]

1.d4 d5 2.c4 c6 3.Nf3 Nf6 4.Nc3 a6 5.c5 Nbd7 6.Bf4 Nh5 7.e3 g6 8.Bd3 Bg7
9.O-O O-O 10.Re1 Re8 11.h3 Nxf4 12.exf4 Qc7 13.Qd2 Nf8 14.Bf1 f6 15.g3 Bd7
16.Na4 Rad8 17.Nb6 Bf5 18.Qc3 Be4 19.Nd2 Bf5 20.Nf3 Be4  1/2-1/2

[Event "Open A"]
[Site "Ostrava CZE"]
[Date "2002.05.22"]
[Round "6"]
[White "Adamek,J"]
[Black "Karhanek,P"]
[Result "1-0"]
[WhiteElo "2227"]
[BlackElo "2136"]

1.Nf3 d5 2.d4 Nf6 3.c4 c6 4.Nc3 a6 5.cxd5 cxd5 6.Bf4 Nc6 7.e3 Bg4 8.Bd3 e6
9.Qb3 Bxf3 10.gxf3 b5 11.Rc1 Na5 12.Qc2 Bb4 13.O-O O-O 14.a4 Bxc3 15.Qxc3 Nc4
16.b3 Na3 17.Qb4  1-0

[Event "TSGM June"]
[Site "Belgrade YUG"]
[Date "2002.06.16"]
[Round "2"]
[White "Milanovic,Da"]
[Black "Simic,R"]
[Result "1-0"]
[WhiteElo "2427"]
[BlackElo "2406"]

1.d4 d5 2.c4 c6 3.Nf3 Nf6 4.Nc3 a6 5.a4 e6 6.Bg5 Nbd7 7.cxd5 exd5 8.e3 Be7
9.Bd3 O-O 10.Qc2 Re8 11.O-O a5 12.Rae1 Nf8 13.Ne5 N6d7 14.Bxe7 Qxe7 15.f4 Nb6
16.f5 f6 17.Nf3 Qb4 18.b3 Bd7 19.Re2 Re7 20.Kf2 Rae8 21.Na2 Qd6 22.Qd2 Ra8
23.Rc1 Nc8 24.g4 Qc7 25.Nc3 Qd8 26.e4 dxe4 27.Nxe4 Be8 28.Rce1 Kh8 29.g5 Bh5
30.gxf6 Bxf3 31.fxe7 Nxe7 32.Kxf3 Nxf5 33.Ng5 Qd5+ 34.Be4 Qxb3+ 35.Kf2 Nd6
36.Bc2 Qd5 37.Re5 Qa2 38.Qe2 h6 39.Nf3 Rd8 40.Re7 h5  1-0

[Event "6th Open"]
[Site "Voronezh RUS"]
[Date "2002.06.19"]
[Round "7"]
[White "Gleizerov,E"]
[Black "Chuprikov,D"]
[Result "1-0"]
[WhiteElo "2581"]
[BlackElo "2422"]

1.d4 Nf6 2.c4 c6 3.Nc3 d5 4.Nf3 a6 5.Ne5 e6 6.Bf4 Nbd7 7.e3 Nxe5 8.Bxe5 Be7
9.Bd3 O-O 10.O-O b5 11.cxd5 cxd5 12.Qe2 Bb7 13.a4 b4 14.Na2 Bd6 15.Bxd6 Qxd6
16.a5 Bc6 17.Nc1 Rfb8 18.Bxa6 Qc7 19.Bd3 Rxa5 20.Nb3 Rxa1 21.Rxa1 Be8 22.h3 e5
23.Rc1 Qe7 24.dxe5 Qxe5 25.Nd4 Bd7 26.Qc2 Qe8 27.Ra1 g6 28.Ra7 Rc8 29.Rc7 Ra8
30.Qd2 Ne4 31.Qxb4 Ra1+ 32.Bf1 Bxh3 33.gxh3 Qd8 34.Rb7 Qg5+ 35.Kh2 Rxf1 36.Rb8+ Kg7
37.Qf8+ Kf6 38.Qh8+ Ke7 39.Qd8+  1-0

[Event "Essent ch-NED"]
[Site "Leeuwarden NED"]
[Date "2002.06.22"]
[Round "3"]
[White "Van Wely,L"]
[Black "Ernst,S"]
[Result "1-0"]
[WhiteElo "2642"]
[BlackElo "2462"]

1.d4 d5 2.c4 c6 3.Nc3 Nf6 4.Nf3 a6 5.cxd5 cxd5 6.Bg5 Ne4 7.Bh4 Qa5 8.Qb3 e6
9.Rc1 Nc6 10.e3 Bd6 11.Bd3 f5 12.Bg3 Nxg3 13.hxg3 Bd7 14.Ng5 h6 15.Nxe6 Bxe6
16.Qxb7 Rc8 17.Qxg7 Rg8 18.Qf6 Nd8 19.Rxh6 Rc6 20.Rh7 Rf8 21.Qg6+ Bf7 22.Qxf5 Ba3
23.bxa3 Rxc3 24.Rxc3 Qxc3+ 25.Ke2 Qb2+ 26.Bc2 Qxa2 27.f4 Rg8 28.Kf3 Qxa3
29.g4 Qa1 30.Qe5+ Kf8 31.Qd6+ Ke8 32.Bf5 Qa4 33.Rh6 Rg7 34.g5 Bg8 35.Rh8 Qd1+
36.Kg3 Qe1+ 37.Kh2 Qxe3 38.Rxg8+ Rxg8 39.Bd7+ Kf7 40.Qf6+  1-0

[Event "Open"]
[Site "Velika Gorica CRO"]
[Date "2002.06.22"]
[Round "1"]
[White "Soldo,R"]
[Black "Loncar,R"]
[Result "1/2-1/2"]
[WhiteElo "2115"]
[BlackElo "2436"]

1.Nf3 d5 2.d4 c6 3.c4 Nf6 4.Nc3 a6 5.Bg5 Ne4 6.Bf4 Nxc3 7.bxc3 dxc4 8.g3 Qa5
9.Qd2 Nd7 10.Bg2 e6 11.O-O Be7 12.a4 O-O 13.Qc2 Qh5 14.Rfe1 a5 15.Nd2 Nb6
16.e4 c5 17.Bc7 Ra6 18.Bxb6 Rxb6 19.Nxc4 Ra6 20.d5 exd5 21.exd5 Rh6 22.Rxe7 Qxh2+
23.Kf1 Bh3 24.Bxh3 Qxh3+ 25.Ke2 Qg4+ 26.Kd3 Qf5+ 27.Kd2 Qxd5+ 28.Qd3 Qg5+
29.Qe3 Qd5+ 30.Qd3 Qg5+ 31.Qe3 Qd5+  1/2-1/2

[Event "Essent ch-NED"]
[Site "Leeuwarden NED"]
[Date "2002.06.28"]
[Round "8"]
[White "Van Wely,L"]
[Black "Sokolov,I"]
[Result "1/2-1/2"]
[WhiteElo "2642"]
[BlackElo "2647"]

1.d4 d5 2.c4 c6 3.Nc3 Nf6 4.Nf3 a6 5.cxd5 cxd5 6.Bg5 Ne4 7.Bh4 Qa5 8.Qb3 e6
9.a3 Bd7 10.e3 Nxc3 11.Qxc3 Qxc3+ 12.bxc3 Nc6 13.c4 dxc4 14.Bxc4 Na5 15.Be2 Rc8
16.Ne5 Ba4 17.Bh5 g6 18.Bd1 Bxd1 19.Kxd1 Be7 20.Bxe7 Kxe7 21.Rc1 Rxc1+ 22.Kxc1 Rc8+
23.Kb2 f6 24.Nf3 Nc4+ 25.Kb3 b5 26.Rd1 Na5+ 27.Kb2 Nc4+ 28.Kb3 Na5+  1/2-1/2

[Event "1st Open"]
[Site "La Fere FRA"]
[Date "2002.07.04"]
[Round "7"]
[White "Housieaux,D"]
[Black "Sarakauskiene,Z"]
[Result "1-0"]
[WhiteElo "2308"]
[BlackElo "2105"]

1.Nf3 d5 2.d4 Nf6 3.c4 c6 4.Nc3 a6 5.g3 b5 6.b3 Bf5 7.Bg2 h6 8.O-O e6 9.Ne5 Be7
10.f3 O-O 11.e4 Bh7 12.a3 c5 13.exd5 bxc4 14.bxc4 exd5 15.f4 Be4 16.Nxe4 Nxe4
17.cxd5 Qxd5 18.Be3 cxd4 19.Qxd4 Qxd4 20.Bxd4 f5 21.g4 Rd8 22.Bb6 Rd6 23.Bc7 Rd4
24.Bb6 Ra4 25.gxf5 a5 26.Rfe1 Ra6 27.Rxe4 Rxe4 28.Bxe4 Rxb6 29.Bd5+ Kh7 30.Rc1 Rd6
31.Be6 Rd8 32.a4 Na6 33.Nc6 Ba3 34.Rb1 Rd2 35.Nxa5 Nc7 36.Bf7 Nd5 37.Bg6+ Kg8
38.Rb8+ Bf8 39.Rd8 Rd1+ 40.Kf2 Rd2+ 41.Ke1 Rd4 42.Nc6 Re4+ 43.Kf2 Ne7 44.Kf3 Nxc6
45.Rxf8+ Kxf8 46.Kxe4 Ke7 47.Kd5 Nb4+ 48.Kc4 Na6 49.Kb5 Nc7+ 50.Kc6  1-0

[Event "23rd Open"]
[Site "Bled SLO"]
[Date "2002.07.05"]
[Round "4"]
[White "Ulibin,M"]
[Black "Kuljasevic,D"]
[Result "1-0"]
[WhiteElo "2589"]
[BlackElo "2365"]

1.d4 d5 2.c4 c6 3.Nf3 Nf6 4.Nc3 a6 5.Ne5 Nbd7 6.Bf4 dxc4 7.Nxc4 b5 8.Ne5 Bb7
9.e3 e6 10.Be2 Qb6 11.O-O Rd8 12.a4 Be7 13.Qc2 O-O 14.Rfd1 b4 15.a5 Qa7 16.Na4 c5
17.Nxd7 Nxd7 18.dxc5 Nxc5 19.Nb6 Be4 20.Qc4 b3 21.Rxd8 Rxd8 22.Rd1 Rxd1+
23.Bxd1 Qb7 24.f3 Bd3 25.Qc3 Qc6 26.Bxb3 Qb5 27.Bd1 Bf6 28.Be5 Bxe5 29.Qxe5 h6
30.Qc3 e5 31.b4  1-0

[Event "23rd Open"]
[Site "Bled SLO"]
[Date "2002.07.08"]
[Round "7"]
[White "Soln,P"]
[Black "Kuljasevic,D"]
[Result "1/2-1/2"]
[WhiteElo "2419"]
[BlackElo "2365"]

1.d4 d5 2.c4 c6 3.Nc3 Nf6 4.Nf3 a6 5.c5 Bg4 6.Qb3 Ra7 7.Ne5 Bh5 8.h3 Nfd7
9.f4 f6 10.Nxd7 Nxd7 11.f5 Qc7 12.Na4 Bf7 13.Nb6 e5 14.fxe6 Bxe6 15.e4 Bxc5
16.dxc5 Nxc5 17.Qe3 Qxb6 18.exd5 cxd5 19.Be2 Ra8 20.Qa3 d4 21.O-O O-O 22.Bf3 Nd7
23.Bf4 Rfe8 24.Rfe1 Bf7 25.Re7 Rxe7 26.Qxe7 Qe6 27.Qxe6 Bxe6 28.Bxb7 Ra7
29.Bc8 Nc5 30.Bd6 Bxc8 31.Bxc5 Rd7 32.b4 Bb7 33.Rd1 d3 34.Rd2 Kf7 35.Kf2 Bc6
36.Ke3 Bb5 37.Rf2 Rd5 38.Kd2 Ke6 39.Kc3 Re5 40.a4 Bxa4 41.Kxd3 Bb5+  1/2-1/2

[Event "23rd Open"]
[Site "Bled SLO"]
[Date "2002.07.10"]
[Round "9"]
[White "Jelen,Ig"]
[Black "Kuljasevic,D"]
[Result "1-0"]
[WhiteElo "2365"]
[BlackElo "2365"]

1.d4 d5 2.c4 c6 3.Nf3 Nf6 4.Nc3 a6 5.e3 b5 6.cxd5 cxd5 7.Ne2 e6 8.Nf4 Bd6
9.Nd3 Nbd7 10.a4 b4 11.a5 Qe7 12.Be2 Ne4 13.O-O O-O 14.Qb3 Rb8 15.Nfe1 e5
16.Nf3 exd4 17.Nxd4 Ne5 18.Nxe5 Qxe5 19.f4 Qe8 20.Qxd5 Bb7 21.Qh5 g6 22.Qh3 Rc8
23.Bd3 f5 24.b3 Nc3 25.Bc4+ Kh8 26.Bb2 Qe7 27.Rac1 Qf6 28.Rf2 h5 29.Ne2 Kh7
30.Nxc3 bxc3 31.Bxc3 Qe7 32.Rd1 Rcd8 33.Rfd2 Bc5 34.Be5 Bb4 35.Rd3 Rxd3 36.Rxd3 Be4
37.Rd1 Rd8 38.Bd4 Bc2 39.Rc1 Qe4 40.Qf3 Bd2 41.Rxc2 Bxe3+ 42.Qxe3  1-0

[Event "Open"]
[Site "Oberwart AUT"]
[Date "2002.07.12"]
[Round "8"]
[White "Eingorn,V"]
[Black "Lendwai,R"]
[Result "1-0"]
[WhiteElo "2604"]
[BlackElo "2390"]

1.d4 d5 2.c4 c6 3.Nf3 Nf6 4.Nc3 a6 5.h3 b5 6.cxd5 cxd5 7.Bf4 e6 8.e3 Bb7
9.Bd3 Be7 10.O-O O-O 11.Rc1 Nc6 12.a4 b4 13.Nb1 Qb6 14.Nbd2 Rac8 15.Bg5 Rfe8
16.Ne5 Nxe5 17.Rxc8 Nf3+ 18.Nxf3 Rxc8 19.Ne5 Rc7 20.Qb1 h6 21.Bh4 b3 22.Rc1 Kf8
23.Rxc7 Qxc7 24.Qd1 g5 25.Bg3 Qb6 26.a5 Qb4 27.f3 Qxa5 28.Qxb3 Qb4 29.Qc2 Ke8
30.Qc7 Kf8 31.Kh2 h5 32.h4 g4 33.fxg4 hxg4 34.Bf4 Kg7 35.Bg5 Ng8 36.Qd7 f6
37.Qe8 fxe5 38.Bg6 Nh6 39.Bxe7 Qe1 40.Bf8+ Kf6 41.Qe7+ Kxg6 42.Qg5+  1-0

[Event "ch-SCO"]
[Site "Stirling SCO"]
[Date "2002.07.13"]
[Round "8"]
[White "McKay,R"]
[Black "Beaton,K"]
[Result "1-0"]
[WhiteElo "2375"]
[BlackElo "2103"]

1.d4 d5 2.c4 c6 3.Nf3 Nf6 4.Nc3 a6 5.cxd5 cxd5 6.Ne5 e6 7.e3 Nbd7 8.Bd3 Nxe5
9.dxe5 Nd7 10.f4 Nc5 11.Bc2 Bd7 12.O-O Bc6 13.Ne2 Bb5 14.a4 Bxe2 15.Qxe2 Be7
16.Qf3 O-O 17.Bd2 a5 18.Bc3 Qb6 19.Bd4 Qb4 20.f5 exf5 21.Bxf5 Nb3 22.Bc3 Qb6
23.Rad1 Rad8 24.Kh1 d4 25.exd4 g6 26.Qg4 h5 27.Qg3 Nxd4 28.Rxd4 Rxd4 29.e6 Qd6
30.Bxg6 Qxg3 31.exf7+ Kg7 32.Bxd4+ Kxg6 33.hxg3 Rxf7 34.Rxf7 Kxf7 35.Be3 Bd8
36.Kh2 Kg6 37.Kh3 Kf5 38.Bd2 Ke4 39.g4 hxg4+ 40.Kxg4 Kd3 41.Bg5 Bb6 42.Bf6 Be3
43.Kf3 Bc1 44.g4 Kc4 45.Ke4 Kb4 46.Kd3 Kxa4 47.Kc2 Bf4 48.g5 b5 49.g6 Bh6
50.Kc3 b4+ 51.Kc4 b3 52.Kc3 Bf8 53.g7 Bxg7 54.Bxg7 Kb5 55.Kxb3  1-0

[Event "Open"]
[Site "Bergen NOR"]
[Date "2002.07.21"]
[Round "2"]
[White "Johannessen,LE"]
[Black "Christenson,F"]
[Result "1/2-1/2"]
[WhiteElo "2525"]
[BlackElo "2225"]

1.Nf3 d5 2.d4 c6 3.c4 Nf6 4.Nc3 a6 5.cxd5 cxd5 6.Bg5 Ne4 7.Bf4 Nxc3 8.bxc3 Nc6
9.e3 e6 10.Bd3 Bd6 11.Bg3 O-O 12.O-O Bxg3 13.hxg3 Qd6 14.Qb1 h6 15.e4 dxe4
16.Bxe4 b5 17.Ne5 Bb7 18.Nd3 Rab8 19.Nc5 Na5 20.Qb4 Bxe4 21.Qxa5 Bb7 22.Rfe1 Qd5
23.f3 Rfc8 24.Re5 Qxe5 25.dxe5 Rxc5 26.Rd1 Bd5 27.Rd3 Rc6 28.a3 Rbc8 29.g4 Kh7
30.Kh2 Rb8 31.f4 Rbc8 32.Rg3 Be4 33.Re3 Bd5 34.Kg3 R8c7 35.f5 Rc4 36.f6 gxf6
37.exf6 Kg6 38.Qxa6 Rxc3 39.Rxc3 Rxc3+ 40.Kf4 Rc4+ 41.Ke5 Re4+ 42.Kd6 Kxf6
43.Qxb5 Rxg4  1/2-1/2

[Event "Capital of Siberia Open"]
[Site "Novosibirsk RUS"]
[Date "2002.07.23"]
[Round "5"]
[White "Degterev,A"]
[Black "Verzhansky,A"]
[Result "1-0"]
[WhiteElo "2316"]
[BlackElo "2201"]

1.d4 d5 2.c4 c6 3.Nf3 Nf6 4.Nc3 a6 5.c5 Bf5 6.Qb3 Qc8 7.Bf4 h6 8.e3 Nbd7
9.h3 g5 10.Bh2 Bg7 11.Be2 O-O 12.Na4 Re8 13.Ne5 Ra7 14.f3 Nxe5 15.Bxe5 Nd7
16.Bxg7 Kxg7 17.g4 Bg6 18.f4 Be4 19.Rf1 Qb8 20.O-O-O f6 21.Bd3 Bxd3 22.Qxd3 b6
23.cxb6 Nxb6 24.Nc5 e5 25.dxe5 fxe5 26.fxg5 hxg5 27.Qf5 Qd6 28.Qxg5+ Qg6
29.Rf5 Nc4 30.b3 Nd6 31.Rxe5 Qxg5 32.Rxg5+ Kf6 33.h4  1-0

[Event "ch-TUR"]
[Site "Ankara TUR"]
[Date "2002.07.24"]
[Round "1"]
[White "Goksel,D"]
[Black "Ipek,A"]
[Result "1-0"]
[WhiteElo "2057"]
[BlackElo "2266"]

1.Nf3 d5 2.d4 Nf6 3.c4 c6 4.Nc3 a6 5.a4 Bf5 6.Qb3 Ra7 7.Bf4 e6 8.e3 Nbd7
9.a5 Be7 10.h3 h6 11.Be2 O-O 12.O-O Ne4 13.Rfc1 g5 14.Bh2 h5 15.cxd5 exd5
16.Nxe4 Bxe4 17.Nd2 Bg6 18.Qd1 h4 19.f4 Bd6 20.Nf3 f6 21.Qd2 Qe7 22.fxg5 Bb4
23.Rc3 fxg5 24.Ne5 Nxe5 25.Bxe5 Raa8 26.Qd1 Bxc3 27.bxc3 Rf7 28.Bh5 Qe6 29.Bg4 Bf5
30.Bh5 Rh7 31.Ra2 Rf8 32.Rb2 Be4 33.Kh2 Qf5 34.Qe2 Qe6 35.Bg4 Bf5 36.Bh5 Bg6
37.Bg4 Qe7 38.c4 Rhf7 39.cxd5 cxd5 40.Rb6 Bh7 41.Be6 Re8 42.Qh5 Qxe6 43.Rxe6 Rxe6
44.Qxg5+ Bg6 45.Qxh4 Rh7 46.Qd8+  1-0

[Event "6th Open"]
[Site "Korinthos GRE"]
[Date "2002.07.26"]
[Round "4"]
[White "Simeonidis,I"]
[Black "Kouvatsos,F"]
[Result "1-0"]
[WhiteElo "2313"]
[BlackElo "2026"]

1.d4 d5 2.c4 c6 3.Nf3 Nf6 4.Nc3 a6 5.a4 b6 6.g3 e6 7.Bg2 Nbd7 8.O-O Bd6 9.Nd2 Bb7
10.e4 dxe4 11.Ndxe4 Be7 12.Nxf6+ Nxf6 13.Qb3 Ra7 14.Rd1 Ba8 15.Be3 Rd7 16.Rd2 c5
17.Bxa8 Qxa8 18.Qxb6 O-O 19.Qb3 Rb8 20.Qc2 Qc6 21.b3 Qb6 22.dxc5 Bxc5 23.Bxc5 Rxd2
24.Qxd2 Qxc5 25.Rb1 h6 26.h3 Rb6 27.Qe3 Qxe3 28.fxe3 Rd6 29.b4 Rd3 30.Rc1 Kf8
31.b5 axb5 32.cxb5 Rxe3 33.b6 Rxg3+ 34.Kh2 Rd3 35.b7 Nd7 36.a5 Rd6 37.Nb5 Ra6
38.Rc8+ Ke7 39.Rc7  1-0

[Event "6th Open"]
[Site "Korinthos GRE"]
[Date "2002.07.28"]
[Round "6"]
[White "Vasilevich,T"]
[Black "Rychagov,A"]
[Result "1/2-1/2"]
[WhiteElo "2425"]
[BlackElo "2537"]

1.d4 d5 2.c4 c6 3.Nf3 Nf6 4.Nc3 a6 5.c5 Nbd7 6.Bf4 Nh5 7.Be3 g6 8.g4 Nhf6
9.h3 Bg7 10.Bg2 O-O 11.O-O h5 12.g5 Ne8 13.Bf4 e5 14.Nxe5 Nxe5 15.dxe5 Nc7
16.h4 Ne6 17.Bg3 Nxc5 18.b4 Nd7 19.Qd4 a5 20.b5 Qb6 21.Qxb6 Nxb6 22.bxc6 bxc6
23.f4 Be6 24.Bf2 Rab8 25.e4 dxe4 26.Bxe4 Nd5 27.Nxd5 cxd5 28.Bd3 Rfc8 29.Rab1 Rb4
30.Bb6 Bf8 31.Rxb4 axb4 32.Bd4 Be7 33.Rb1 Bf5 34.Bxf5 gxf5 35.Rb2 Rc4 36.Be3 Re4
37.Kf2 d4 38.Bd2 d3 39.Be3 Rc4 40.Ke1 Rc3 41.Bd2 Rc2 42.Rxc2 dxc2 43.Bc1 Bc5
44.Kd2 Bf2 45.Kxc2 Bxh4 46.Bd2 Bf2 47.Kd3 Bc5  1/2-1/2

[Event "2nd Summer Open"]
[Site "Savaria HUN"]
[Date "2002.07.30"]
[Round "6"]
[White "Leviczki,T"]
[Black "Dovzik,J"]
[Result "0-1"]
[WhiteElo "2204"]
[BlackElo "2399"]

1.d4 d5 2.c4 c6 3.Nf3 Nf6 4.Nc3 a6 5.c5 Nbd7 6.Bf4 Nh5 7.e3 g6 8.Bd3 Bg7
9.h3 Nxf4 10.exf4 b6 11.cxb6 Qxb6 12.Na4 Qa5+ 13.Kf1 c5 14.g3 cxd4 15.Kg2 O-O
16.Re1 Nb6 17.Nxb6 Qxb6 18.Rxe7 Qxb2 19.Re2 Qa3 20.Rb1 Bd7 21.Qb3 Qxb3 22.Rxb3 Rfc8
23.Rb7 Bc6 24.Rb6 a5 25.Ne5 Be8 26.Rd2 Bf8 27.Bb5 Bb4 28.Rd1 Rc2 29.Bxe8 Rxe8
30.a4 Ra2 31.Rb7 d3 32.Nxd3 Ree2 33.Rd7 Rxa4 34.Rxd5 Raa2 35.f5 Kg7 36.fxg6 hxg6
37.h4 Bf8 38.h5 Red2 39.Rxd2 Rxd2 40.hxg6 fxg6 41.Kf1 a4 42.Ke1 Rc2 43.Kd1 Rc7
44.Nf4 Kf7 45.Ra5 a3 46.Ra8 Bc5 47.Nd3 Ba7 48.Nc1 Kf6  0-1

[Event "2nd Summer Open"]
[Site "Savaria HUN"]
[Date "2002.07.31"]
[Round "8"]
[White "Goczo,M"]
[Black "Bodo,N"]
[Result "0-1"]
[WhiteElo "2208"]
[BlackElo "2356"]

1.d4 d5 2.c4 c6 3.Nc3 Nf6 4.Nf3 a6 5.e3 b5 6.b3 g6 7.Bd3 Bg7 8.O-O O-O 9.Bb2 Bf5
10.Bxf5 gxf5 11.Ne5 e6 12.Ne2 Nfd7 13.cxd5 cxd5 14.Ba3 Re8 15.Nd3 Nc6 16.Qd2 Qa5
17.Qxa5 Nxa5 18.Rac1 Rec8 19.Bb4 Nb7 20.a4 bxa4 21.bxa4 Nb6 22.Nc3 Nc4 23.Rc2 a5
24.Be7 Rc7 25.Bh4 Na3 26.Rcc1 Rac8 27.Be7 Rxc3 28.Bxa3 R8c4 29.Rxc3 Rxc3
30.Nc5 Rxa3 31.Nxb7 Rxa4 32.Rc1 Bf8 33.g3 Rc4 34.Ra1 a4 35.Na5 Rb4 36.Nc6 Rb6
37.Ne5 a3 38.Nd7 Ra6 39.Nxf8 Kxf8 40.Kf1 Kg7 41.Ke2 Kg6 42.Ra2 f6 43.f4 Ra7
44.Kf3 e5 45.fxe5 fxe5 46.Ke2 exd4 47.exd4 Ra4 48.Ke3 Kf6 49.h3 Ra7 50.Kf3 Ra5
51.Kf4 Ra6 52.Kf3 Ke6 53.Ke3 Kd6 54.Kf4 Kc6 55.Kxf5 Kb5 56.Ke5 Kc4 57.g4 Kb3
58.Ra1 Kb2 59.Rh1 a2 60.Kxd5 a1=Q 61.Rxa1 Rxa1 62.Ke6 Re1+ 63.Kf7 Kc3 64.d5 Rd1
65.Kg7 Kd4 66.Kxh7 Ke5 67.g5 Rxd5 68.g6 Kf6 69.Kh6 Rg5 70.g7 Rxg7 71.h4 Rg8
72.Kh7 Ra8 73.h5 Ra7+ 74.Kh6 Kf7 75.Kh7 Ra6 76.h6 Rb6  0-1

[Event "Inline Czechia Cup"]
[Site "Olomouc CZE"]
[Date "2002.08.03"]
[Round "4"]
[White "Jurek,J"]
[Black "Jirka,J"]
[Result "1/2-1/2"]
[WhiteElo "2357"]
[BlackElo "2400"]

1.Nf3 d5 2.d4 Nf6 3.c4 c6 4.Nc3 a6 5.c5 g6 6.Bf4 Nh5 7.Bxb8 Rxb8 8.b4 Bg7
9.e3 O-O 10.Be2 Nf6 11.Ne5 Nd7 12.Nxd7 Bxd7 13.O-O e5 14.Qd2 e4 15.a4 f5
16.Rfb1 f4 17.Bf1 Qg5 18.b5 axb5 19.axb5 fxe3 20.fxe3 Bh6 21.Re1 Rf3 22.Nd1 Rbf8
23.bxc6 bxc6 24.Ra7 Bh3 25.Ra6 R3f6 26.Rb6 Qg4 27.Rb2 Qg5 28.Ba6 Bg4 29.Be2 Bh3
30.Ba6 Bg4 31.Be2 Bh3  1/2-1/2

[Event "Inline Czechia Cup"]
[Site "Olomouc CZE"]
[Date "2002.08.03"]
[Round "4"]
[White "Wiley,To"]
[Black "Dresen,U"]
[Result "1/2-1/2"]
[WhiteElo "2248"]
[BlackElo "2259"]

1.d4 d5 2.c4 c6 3.Nf3 Nf6 4.Nc3 a6 5.c5 Nbd7 6.Bf4 Nh5 7.e3 b6 8.b4 Nxf4
9.exf4 a5 10.a3 g6 11.Rc1 axb4 12.axb4 Bg7 13.Bd3 bxc5 14.bxc5 Ra3 15.Qd2 O-O
16.O-O Qa5 17.Ne5 Nxe5 18.fxe5 f6 19.f4 Bh6 20.exf6 Rxf6 21.g3 Rf8 22.Rfd1 Bg7
23.Be2 Bf5 24.Bf3 h5 25.Qb2 Ra8 26.Nxd5 Rxf3 27.Nxe7+ Kh7 28.Nxf5 gxf5 29.Qe2 Qa3
30.Kg2 Qe3 31.Qxe3 Rxe3 32.d5 Ra2+ 33.Kg1 cxd5 34.c6 Ree2 35.c7 Rg2+ 36.Kh1 Rxh2+
37.Kg1 Rag2+ 38.Kf1 Rc2 39.Kg1 Rhg2+ 40.Kf1 Rgf2+ 41.Kg1 Rfd2 42.Rxc2 Rxc2
43.Rxd5 Kg6 44.Rd7 Rc6 45.Rd6+ Rxd6 46.c8=Q Rf6 47.Qe8+ Kh6 48.Kh2 Rf8 49.Qe7 Rf6
50.Kh3 Rg6 51.Qe8 Rd6 52.Qe7 Rg6 53.Qd7 Rf6 54.Kh4 Rf8 55.Qe6+ Bf6+ 56.Kh3 Kg6
57.Qc6  1/2-1/2

[Event "Open A"]
[Site "Trier GER"]
[Date "2002.08.04"]
[Round "9"]
[White "Goriachnik,D"]
[Black "Klasen,H"]
[Result "1-0"]
[WhiteElo "2223"]
[BlackElo "2235"]

1.d4 d5 2.c4 c6 3.Nf3 Nf6 4.Nc3 a6 5.Ne5 g6 6.Bf4 Bg7 7.e3 O-O 8.Be2 Nbd7
9.O-O Nxe5 10.Bxe5 b5 11.cxb5 cxb5 12.Qb3 e6 13.a4 bxa4 14.Nxa4 Ne4 15.Bxg7 Kxg7
16.Rfc1 Bd7 17.Nc5 Rb8 18.Qc2 Nxc5 19.dxc5 Bb5 20.Bxb5 Rxb5 21.b4 Qb8 22.c6 Rc8
23.c7 Qb7 24.Qc3+ Kg8 25.Ra4 a5 26.Rxa5 Rxb4 27.Rc5 Ra4 28.g3 Raa8 29.h4 h5
30.Qc2 Qb6 31.Rb1 Qd6 32.Rc6 Qe7 33.Rb7 Kh7 34.Qb2 Qd7 35.Qb6 d4 36.Rd6 Ra1+
37.Kg2 Qa4 38.Rxd4 Qa3 39.Qc6 Qa5 40.Qd7 Kg7  1-0

[Event "Inline Czechia Cup"]
[Site "Olomouc CZE"]
[Date "2002.08.05"]
[Round "6"]
[White "Wiley,To"]
[Black "Jirka,J"]
[Result "1-0"]
[WhiteElo "2248"]
[BlackElo "2400"]

1.d4 d5 2.c4 c6 3.Nf3 Nf6 4.Nc3 a6 5.e3 b5 6.b3 Bf5 7.Ne5 e6 8.g4 Bg6 9.h4 dxc4
10.bxc4 bxc4 11.Bxc4 Nbd7 12.f3 Nxe5 13.dxe5 Qa5 14.Bd2 Qxe5 15.Kf2 h5 16.g5 Nd5
17.Qa4 Qd6 18.Nxd5 exd5 19.Bb4 Qe6 20.Bxf8 Kxf8 21.Bf1 Kg8 22.Bh3 Qd6 23.Rac1 Rb8
24.f4 Rb2+ 25.Kg3 c5 26.Qa3 Re2 27.Rh2 Rxh2 28.Kxh2 Kh7 29.Qxc5 Qb8 30.Qc3 Re8
31.Rd1 Rc8 32.Bxc8 Be4 33.Bxa6 Qb6 34.Bd3 Qe6 35.Rg1 g6 36.Bxe4 Qxe4 37.Rg3 d4
38.Qxd4  1-0

[Event "9th Open"]
[Site "Nice FRA"]
[Date "2002.08.07"]
[Round "3"]
[White "Shchekachev,A"]
[Black "Bujisho,B"]
[Result "1-0"]
[WhiteElo "2546"]
[BlackElo "2400"]

1.Nf3 d5 2.d4 Nf6 3.c4 c6 4.Nc3 a6 5.a4 e6 6.Bg5 Nbd7 7.a5 h6 8.Bh4 Bb4 9.Qa4 Qe7
10.Bxf6 Nxf6 11.e3 Bd6 12.Be2 O-O 13.O-O Bd7 14.Qb3 dxc4 15.Bxc4 c5 16.Rfe1 Bc6
17.d5 exd5 18.Nxd5 Nxd5 19.Bxd5 Bxd5 20.Qxd5 Rfd8 21.Qc4 Rd7 22.b3 Rad8 23.g3 Qf6
24.Kg2 Be5 25.Nxe5 Qxe5 26.Rac1 Rd2 27.Qxc5 Qxc5 28.Rxc5 Rb2 29.Rc3 Rdd2
30.Rf1 Rd5 31.Rc8+ Kh7 32.Rc7 Rxb3 33.Rxf7 Kg6 34.Rc7 Rb2 35.e4 Rxa5 36.Rd1 Kf6
37.Rdd7 Rab5 38.Rxg7 a5 39.Rce7 a4 40.Rgf7+ Kg6 41.Rf8 a3 42.e5 Rb6 43.g4 Kg5
44.Kg3 R6b3+ 45.f3 Rg2+ 46.Kxg2  1-0

[Event "It"]
[Site "Sudak UKR"]
[Date "2002.08.07"]
[Round "7"]
[White "Ushenina,A"]
[Black "Kagramanianz,V"]
[Result "0-1"]
[WhiteElo "2339"]
[BlackElo "2305"]

1.d4 Nf6 2.Nf3 d5 3.c4 c6 4.Nc3 a6 5.a4 e6 6.e3 Be7 7.Bd3 O-O 8.O-O c5 9.cxd5 exd5
10.dxc5 Nc6 11.Nd4 Bxc5 12.Nxc6 bxc6 13.Ne2 Be6 14.h3 Be7 15.Qc2 Bd7 16.b3 Re8
17.Bb2 Ne4 18.f3 Nf6 19.Bd4 Bd6 20.Qc3 Qb8 21.Kh1 Nh5 22.e4  0-1

[Event "9th Open"]
[Site "Nice FRA"]
[Date "2002.08.09"]
[Round "6"]
[White "Sulava,N"]
[Black "Dumitrache,D"]
[Result "1-0"]
[WhiteElo "2556"]
[BlackElo "2504"]

1.d4 d5 2.c4 c6 3.Nf3 Nf6 4.Nc3 a6 5.cxd5 cxd5 6.Bf4 Nc6 7.Rc1 Bf5 8.e3 e6
9.Qb3 Ra7 10.Be2 Nd7 11.O-O Be7 12.Na4 O-O 13.Nc5 Nxc5 14.dxc5 Bg4 15.h3 Bh5
16.Rfd1 Qc8 17.Rd2 Ra8 18.Qa4 Rd8 19.b4 f6 20.Bg3 Bf8 21.Qb3 Bf7 22.a3 e5
23.Qb2 Qe6 24.Bd1 Rd7 25.Bb3 Qe8 26.Rcd1 Rad8 27.Qa2 d4 28.exd4 Nxd4 29.Nxd4 Rxd4
30.Rxd4 Rxd4 31.Rxd4 exd4 32.Kf1 Bxb3 33.Qxb3+ Qf7 34.Qxf7+ Kxf7 35.Ke2 Ke6
36.Kd3 Kd5 37.f3 a5 38.Bf2 a4 39.Bxd4 f5 40.g4 fxg4 41.fxg4 g5 42.Bf6 h6
43.Bb2 Be7 44.Bg7 Bd8 45.Bxh6 Bf6 46.Bf8 Bb2 47.b5 Bf6 48.c6 bxc6 49.bxc6 Kxc6
50.Kc4  1-0